[Event "9th Aosta Valley"]
[Site "Saint Vincent ITA"]
[Date "2001.02.04"]
[Round "2"]
[White "Cebalo,M"]
[Black "Costantini,R"]
[Result "1-0"]
[WhiteElo "2473"]
[BlackElo "2273"]

1.d4 d5 2.Nf3 Nf6 3.c4 e6 4.g3 Be7 5.Bg2 O-O 6.O-O dxc4 7.Qc2 a6 8.Qxc4 b5
9.Qc2 Bb7 10.Bd2 Nbd7 11.Ba5 Bd6 12.Nbd2 Rc8 13.e4 e5 14.dxe5 Nxe5 15.Nxe5 Bxe5
16.Nb3 Qd7 17.Nc5 Qc6 18.Rac1 Ba8 19.Nd3 Qxc2 20.Rxc2 Bd4 21.e5 Bxg2 22.Kxg2 Nd7
23.f4 Nb6 24.Bxb6 Bxb6 25.Nb4 Rfd8 26.Nc6 Rd7 27.f5 Re8 28.Re1 Rd5 29.Ree2 Kf8
30.g4 h5 31.h3 Rd1 32.Kg3 g5 33.gxh5 Rg1+ 34.Kf3 Kg7 35.e6 f6 36.Red2 Rf1+
37.Kg3 Rxf5 38.Rd7+ Kh6 39.e7 Kg7 40.Rd8 Kf7 41.Rxe8 Kxe8 42.Rd2  1-0

[Event "9th Aosta Valley"]
[Site "Saint Vincent ITA"]
[Date "2001.02.05"]
[Round "3"]
[White "Fominyh,A"]
[Black "Drasko,M"]
[Result "1-0"]
[WhiteElo "2582"]
[BlackElo "2510"]

1.d4 e6 2.c4 Nf6 3.g3 d5 4.Nf3 Be7 5.Bg2 O-O 6.O-O Nbd7 7.Qc2 c6 8.b3 b6
9.Rd1 Ba6 10.Bb2 Rc8 11.Nbd2 c5 12.e4 dxc4 13.d5 exd5 14.exd5 cxb3 15.axb3 Be2
16.Re1 Bxf3 17.Bxf3 b5 18.Rxa7 c4 19.bxc4 Bb4 20.Rb1 Bxd2 21.Qxd2 bxc4 22.Bc3 Nc5
23.Qg5 h6 24.Qf5 Rb8 25.Rxb8 Qxb8 26.Ra1 Qc8 27.Qf4 Nd3 28.Qd4 Re8 29.d6 Qf5
30.Bg2 Re2 31.Rf1 Ne5 32.h3 Nf3+ 33.Bxf3 Qxf3  1-0

[Event "12th Goodricke Open"]
[Site "Calcutta IND"]
[Date "2001.02.06"]
[Round "1"]
[White "Mikhalevski,V"]
[Black "Murugan,K"]
[Result "1-0"]
[WhiteElo "2500"]
[BlackElo "2390"]

1.d4 d5 2.c4 e6 3.Nf3 Nf6 4.g3 Be7 5.Bg2 O-O 6.Qc2 c6 7.O-O b6 8.b3 Bb7 9.Nc3 Nbd7
10.Rd1 Qc8 11.Bb2 b5 12.Nd2 b4 13.Na4 c5 14.cxd5 Nxd5 15.Nc4 N5b6 16.Bxb7 Qxb7
17.Nxc5 Nxc5 18.dxc5 Bxc5 19.Na5 Qc7 20.Rac1 Rac8 21.Qe4 Nd5 22.Nc4 Rfd8
23.Rd3 Be7 24.Be5 Bd6 25.Bd4 Be7 26.Rb1 Bf6 27.Bxf6 Nxf6 28.Qh4  1-0

[Event "9th Aosta Valley"]
[Site "Saint Vincent ITA"]
[Date "2001.02.06"]
[Round "4"]
[White "Socko,B"]
[Black "Bellia,F"]
[Result "1/2-1/2"]
[WhiteElo "2557"]
[BlackElo "2376"]

1.d4 Nf6 2.c4 e6 3.g3 d5 4.Bg2 Be7 5.Nf3 O-O 6.Qc2 Nbd7 7.O-O c6 8.Nbd2 b6
9.b3 Ba6 10.e4 c5 11.dxc5 Bxc5 12.exd5 exd5 13.Bb2 Rc8 14.Qf5 Re8 15.Rfe1 Rxe1+
16.Rxe1 g6 17.Qg5 dxc4 18.bxc4 Bf8 19.Bh3 Rc5 20.Qf4 Bg7 21.Bxd7 Nxd7 22.Bxg7 Kxg7
23.Qd4+ Kg8 24.Ne4 Rxc4 25.Qd5 Qe7 26.Nd6 Rc5 27.Qa8+ Qf8 28.Qxa7 Qxd6 29.Qxa6 Ne5
30.Nxe5 Rxe5 31.Qc8+ Kg7 32.Qc3 f6 33.Rb1 Rd5 34.Qf3 b5 35.h4 h5 36.Rc1 Qd7
37.Kh2 Rf5 38.Qe3 Re5 39.Qb6 Re6 40.Qb8 Re8 41.Qf4 Rc8 42.Rxc8 Qxc8 43.Qd4 Qc4
44.Qd7+ Qf7 45.Qd2 b4 46.Qc2 Qd5 47.Qc7+ Qf7 48.Qc2 Qd5 49.Kg1 f5 50.Kf1 Kf6
51.Qb2+ Qe5 52.Qb3 Qe4 53.Qb2+ Kf7 54.Qb3+ Kf6 55.Qb2+ Kf7  1/2-1/2

[Event "12th Goodricke Open"]
[Site "Calcutta IND"]
[Date "2001.02.07"]
[Round "2"]
[White "Rausis,I"]
[Black "Neelotpal,D"]
[Result "1-0"]
[WhiteElo "2525"]
[BlackElo "2423"]

1.Nf3 Nf6 2.c4 e6 3.g3 d5 4.d4 Be7 5.Bg2 O-O 6.Qc2 c6 7.O-O Nbd7 8.Rd1 b6
9.b3 Ba6 10.a4 c5 11.Nc3 Rc8 12.Nb5 Bxb5 13.axb5 Ra8 14.Ne5 cxd4 15.Nc6 Qe8
16.Rxd4 Bc5 17.Rh4 a6 18.bxa6 Qc8 19.cxd5 exd5 20.Bxd5 Re8 21.b4 Rxa6 22.Rxa6 Qxa6
23.Qc4 b5 24.Qc2 Bf8 25.e4 g6 26.Kg2 Nxd5 27.exd5 Nf6 28.Qd3 Rc8 29.Bb2 Nxd5
30.Qd4 Nf6 31.Na5 Bg7 32.Qd3 Re8 33.Rd4 h5 34.Rd8 Rxd8 35.Qxd8+ Kh7 36.Qe7 Qe6
37.Qxe6 fxe6 38.Nc6 Nd5 39.Bxg7 Kxg7 40.Kf3 Kf6 41.Ke4 g5 42.f3 Nc7 43.Kd4 Kf5
44.Kc5 e5 45.Kd6 Na6 46.Ne7+ Kf6 47.Nd5+ Kf5 48.Ne3+ Kf6 49.Nd5+ Kf5 50.h3 g4
51.fxg4+ hxg4 52.h4 e4 53.Kc6 Ke5 54.h5 Nxb4+ 55.Nxb4 e3 56.Kxb5 e2 57.Nc2  1-0

[Event "12th Goodricke Open"]
[Site "Calcutta IND"]
[Date "2001.02.10"]
[Round "5"]
[White "Villamayor,B"]
[Black "Barua,D"]
[Result "1-0"]
[WhiteElo "2560"]
[BlackElo "2494"]

1.Nf3 d5 2.c4 e6 3.d4 Nf6 4.g3 Be7 5.Bg2 O-O 6.O-O dxc4 7.Qc2 a6 8.Qxc4 b5
9.Qc2 Bb7 10.Bg5 Nbd7 11.Bxf6 Nxf6 12.Nbd2 Rc8 13.Nb3 Be4 14.Qc1 c5 15.dxc5 a5
16.a4 Qd5 17.Nxa5 Bxc5 18.Qd1 Qxd1 19.Rfxd1 bxa4 20.Ne5 Bc2 21.Rdc1 Bd4 22.Nec4 Bb3
23.e3 Bc5 24.Nxb3 axb3 25.Na5 Bd6 26.Nc6 Nd5 27.Bxd5 exd5 28.Ra5 Rfe8 29.Rxd5 Bf8
30.Rd3 Rc7 31.Rxb3 Ra8 32.Rcc3 g6 33.Nb4 Ra1+ 34.Kg2 Rca7 35.Nd5 Kg7 36.Rc7 Rxc7
37.Nxc7 Rb1 38.Rb7 Kf6 39.Nd5+ Ke6 40.Nf4+ Kf6 41.Rb6+ Kg7 42.Kf3 h5 43.h4 Be7
44.Ke2 Bf6 45.Nd3 Bc3 46.Rb3 Bf6 47.e4 Bd4 48.Rb4 Ba7 49.e5 Kf8 50.Ra4 Bb6
51.Ra6 Bd4 52.Kf3 Rf1 53.Ke4  1-0

[Event "TCh-SVK"]
[Site "SVK"]
[Date "2001.02.10"]
[Round "8"]
[White "Balogh,T"]
[Black "Petrik,T"]
[Result "1/2-1/2"]
[WhiteElo "2421"]
[BlackElo "2289"]

1.d4 Nf6 2.c4 e6 3.g3 d5 4.Bg2 Be7 5.Nf3 O-O 6.O-O Nbd7 7.cxd5 exd5 8.Nc3 c6
9.Bg5 Re8 10.e3 h6 11.Bxf6 Nxf6 12.a3 Bf5 13.Rc1 Ne4 14.Ne5 Bd6 15.Nd3 Qa5
16.Nxe4 dxe4 17.Nc5 Qc7 18.b4 a5 19.b5 Rac8 20.bxc6 b6 21.Nb7 Bxa3 22.Ra1 Qxc6
23.Nxa5 Qc3 24.Nb3 Bf8 25.Rc1 Qd3 26.Qxd3 exd3 27.e4 Rxc1 28.Rxc1 Bxe4 29.Bxe4 Rxe4
30.Rd1 Bb4 31.Rxd3 Kf8 32.Re3 Re6 33.Kf1 Ke7 34.Ke2 Kd6 35.Kd3 b5 36.g4 Be1
37.Rf3 f6 38.Rf5 b4 39.Nc5 Re7 40.Ne4+ Kc6 41.Rc5+ Kd7 42.Rc1 Bc3 43.Nxc3 bxc3
44.Rxc3 Re1 45.Ra3 Rh1 46.Ra7+ Ke6 47.Rxg7 Rxh2 48.Ke2 Rh4 49.f3 f5 50.gxf5+ Kxf5
51.Ke3 Rh1 52.Rf7+ Ke6 53.Ra7 Rh4 54.Ra6+ Kd5 55.Ra5+ Ke6 56.Ra8 h5 57.Rh8 Kf6
58.f4 Rh1 59.Ke4 h4 60.Ra8 h3  1/2-1/2

[Event "12th Goodricke Open"]
[Site "Calcutta IND"]
[Date "2001.02.11"]
[Round "6"]
[White "Datu,I"]
[Black "Dhar,S"]
[Result "0-1"]
[WhiteElo "2381"]
[BlackElo "2224"]

1.d4 d5 2.Nf3 Nf6 3.g3 e6 4.Bg2 Be7 5.c4 O-O 6.O-O dxc4 7.Qa4 a6 8.Qxc4 b5
9.Qc2 Bb7 10.Bf4 Nd5 11.Bd2 Nd7 12.Ba5 Qc8 13.Nbd2 c5 14.e4 N5f6 15.Rfc1 Qb8
16.e5 Nd5 17.dxc5 Nxc5 18.b4 Nd7 19.Qb2 Qa7 20.a4 bxa4 21.Nc4 Rac8 22.Nd6 Rc6
23.Nxb7 Qxb7 24.Rxc6 Qxc6 25.Nd4 Qb7 26.Rxa4 Nxe5 27.Nxe6 Nf3+ 28.Bxf3 fxe6
29.Qe2 Qc6 30.Ra2 Rf6 31.Rc2 Qa4 32.Rc8+ Bf8 33.Bd8 Qd7 34.Ra8 Rg6 35.h4 Qc6
36.Rxa6 Qc1+ 37.Qf1 Qc8 38.h5 Ne3 39.Qe2 Qc1+ 40.Kh2 Nf1+ 41.Kg2 Rxg3+ 42.fxg3 Ne3+
43.Kf2 Bxb4 44.Bb6  0-1

[Event "12th Goodricke Open"]
[Site "Calcutta IND"]
[Date "2001.02.14"]
[Round "9"]
[White "Mikhalevski,V"]
[Black "Ravi,L"]
[Result "1-0"]
[WhiteElo "2500"]
[BlackElo "2383"]

1.d4 Nf6 2.c4 e6 3.g3 d5 4.Bg2 Be7 5.Nf3 c6 6.Qc2 O-O 7.O-O Nbd7 8.b3 b6
9.Rd1 Ba6 10.Nbd2 Rc8 11.e4 Nxe4 12.Nxe4 dxe4 13.Qxe4 b5 14.Qc2 bxc4 15.bxc4 Qa5
16.Bd2 Bb4 17.Bf4 Be7 18.Rab1 c5 19.d5 exd5 20.cxd5 Bb5 21.Re1 Rfe8 22.Bh3 Bf6
23.Kg2 Ba4 24.Qd3 Rxe1 25.Rxe1 c4 26.Qa3 Qb5 27.Kg1 h6 28.Bf5 c3 29.Bh3 g5
30.Bc1 Rd8 31.Bf1 Qxd5 32.Qxa4 Qxf3 33.Bg2 Qf5 34.Be4 Nc5 35.Qb5 Qc8 36.Bc2 Ne6
37.Qf5 Bd4 38.Qh7+ Kf8 39.Qxh6+ Ke8 40.Ba4+  1-0

[Event "12th Goodricke Open"]
[Site "Calcutta IND"]
[Date "2001.02.15"]
[Round "10"]
[White "Rahman,Zia"]
[Black "Barua,D"]
[Result "1-0"]
[WhiteElo "2447"]
[BlackElo "2494"]

1.Nf3 d5 2.d4 Nf6 3.c4 e6 4.g3 Be7 5.Bg2 O-O 6.Qc2 dxc4 7.Nbd2 Nc6 8.Qxc4 Qd5
9.O-O Qxc4 10.Nxc4 Rd8 11.e3 Nb4 12.a3 Nbd5 13.b4 Bd7 14.Bb2 Bb5 15.Rfc1 Bxc4
16.Rxc4 c6 17.Ne5 a5 18.bxa5 Rxa5 19.Rc2 Rda8 20.Nc4 R5a6 21.Bf1 h6 22.Rb1 g5
23.Bc1 R6a7 24.Bd3 Nd7 25.e4 Nc7 26.a4 b5 27.axb5 cxb5 28.Ne3 b4 29.Bd2 Rb8
30.Rcb2 Rab7 31.Nc2 e5 32.Bxb4 exd4 33.Ba3 Rxb2 34.Rxb2 Rxb2 35.Bxb2 Ne5
36.Ne1 Ne6 37.Be2 Bb4 38.Kf1 Bc3 39.Ba3 Bxe1 40.Kxe1 d3 41.Bd1 Nc4 42.Bb4 Nd4
43.Bc3 Nc2+ 44.Kf1 Nd6 45.e5 Ne4 46.Ba5 Kf8 47.Bf3 Nc5 48.Bd5 Kg7 49.Bc4 Na3
50.Bd5 Nc2 51.Bc3 Kg8 52.h4 gxh4 53.gxh4 Na4 54.Bd2 Kg7 55.h5 Nc5 56.f3 Nd4
57.Kf2 Ncb3 58.Bc3 d2 59.Bxb3 Nxb3 60.Ke2 Kf8  1-0

[Event "ch-Pol u20"]
[Site "Brzeg Dolny POL"]
[Date "2001.02.17"]
[Round "11"]
[White "Stryjecki,M"]
[Black "Heberla,B"]
[Result "1/2-1/2"]
[WhiteElo "2445"]
[BlackElo "2364"]

1.g3 e6 2.Bg2 Nf6 3.Nf3 d5 4.c4 Be7 5.d4 dxc4 6.Qa4+ Nbd7 7.Qxc4 a6 8.Qc2 c5
9.O-O O-O 10.Nc3 cxd4 11.Nxd4 Bc5 12.Nb3 Ba7 13.Bd2 Rb8 14.Rfd1 Qe7 15.h3 Nc5
16.Nxc5 Bxc5 17.Na4 Bd6 18.Nb6 Bc5 19.Ba5 Qc7 20.Rac1 Bxb6 21.Qxc7 Bxc7 22.Bxc7 Ra8
23.Kh2 Re8 24.e3 Nd5 25.a3 Nxc7 26.Rxc7 Rb8 27.Rd6 Kf8 28.b4 Re7 29.Rd8+ Re8
30.Rd6 Re7 31.Rd8+ Re8 32.Rxe8+ Kxe8 33.f4 Bd7 34.Rxb7 Rc8 35.Ra7 Rc2 36.Kg1 Rc1+
37.Kh2 Rc2 38.Kg1 Rc1+ 39.Kh2  1/2-1/2

[Event "Masters"]
[Site "Bunratty IRL"]
[Date "2001.02.18"]
[Round "5"]
[White "Turner,M"]
[Black "Parker,J"]
[Result "1/2-1/2"]
[WhiteElo "2498"]
[BlackElo "2545"]

1.Nf3 Nf6 2.g3 d5 3.Bg2 e6 4.c4 Be7 5.d4 O-O 6.O-O dxc4 7.Qc2 a6 8.a4 Bd7
9.Qxc4 Bc6 10.Bg5 Bd5 11.Qd3 c5 12.Nc3 cxd4 13.Nxd5 Nxd5 14.Bxe7 Qxe7 15.Nxd4 Nc6
16.Nxc6 bxc6 17.Rfc1 a5 18.Qa3 Qb7 19.Rc5 Rfb8 20.Rac1 Qxb2 21.Qxb2 Rxb2
22.Rxc6 g6 23.Rc8+ Rxc8 24.Rxc8+ Kg7 25.Bxd5 exd5 26.Rc5 Rxe2 27.Rxd5 Ra2
28.Rxa5 h5 29.h3 Kf6 30.Kg2 Ra3 31.g4 h4 32.Ra8 Kg5 33.a5 f5 34.gxf5 gxf5
35.a6 Kf4 36.a7 Ra1 37.Rh8 Rxa7 38.Rxh4+ Kg5 39.Rb4 Ra3 40.h4+ Kh5 41.f3 Ra6
42.Kg3 Kg6 43.Kf4 Kf6 44.Rc4 Rb6 45.Rd4 Ra6 46.h5 Rb6 47.h6 Kg6 48.Rd7 Rb4+
49.Ke5 Rb5+ 50.Rd5 Rxd5+ 51.Kxd5 Kxh6 52.Ke6 Kg5 53.Ke5 f4 54.Ke4 Kg6 55.Kxf4  1/2-1/2

[Event "Bundesliga 2000-1"]
[Site "Mainz GER"]
[Date "2001.02.18"]
[Round "9"]
[White "Stohl,I"]
[Black "Kosten,A"]
[Result "1/2-1/2"]
[WhiteElo "2578"]
[BlackElo "2524"]

1.d4 Nf6 2.Nf3 e6 3.g3 d5 4.Bg2 Be7 5.c4 O-O 6.O-O Nbd7 7.Qc2 c6 8.b3 b6
9.Rd1 Ba6 10.Nbd2 c5 11.e4 Rc8 12.exd5 exd5 13.Nf1 cxd4 14.Nxd4 b5 15.Ne3 Nb6
16.Qd2 bxc4 17.Qa5 Bb7 18.Qxa7 Ba8 19.Nef5 Bc5 20.Ba3 Rc7 21.Qa5 Bxa3 22.Qxa3 g6
23.Ne3 Re8 24.Qb4 Rd7 25.a4 cxb3 26.Nxb3 Nc4 27.Nc5 Nxe3 28.Nxd7 Nxd1 29.Nxf6+ Qxf6
30.Rxd1 Re2 31.Qf4  1/2-1/2

[Event "5th United Insurance"]
[Site "Dhaka BAN"]
[Date "2001.02.21"]
[Round "3"]
[White "Ehlvest,J"]
[Black "Murshed,N"]
[Result "0-1"]
[WhiteElo "2638"]
[BlackElo "2457"]

1.d4 d5 2.c4 e6 3.Nf3 Nf6 4.g3 Be7 5.Bg2 O-O 6.O-O dxc4 7.Qc2 a6 8.Qxc4 b5
9.Qc2 Bb7 10.Bf4 Bd6 11.Nbd2 Bxf4 12.gxf4 Qd6 13.e3 Nbd7 14.Nb3 Be4 15.Qe2 c5
16.dxc5 Nxc5 17.Rfd1 Nd5 18.Nxc5 Qxc5 19.Rac1 Qb6 20.Ne5 Bxg2 21.Kxg2 f6
22.Nd3 Rac8 23.a3 a5 24.e4 Ne7 25.Qe3 Qxe3 26.fxe3 Rfd8 27.Rxc8 Nxc8 28.Kf3 Nb6
29.Ke2 Nc4 30.Rc1 a4 31.Rc2 Kf7 32.Nb4 Rc8 33.Na2 h5 34.Nb4 g5 35.Nd3 g4
36.e5 f5 37.Rc3 h4 38.b3 axb3 39.Rxb3 Ra8 40.Rxb5 Rxa3 41.Rb7+ Kg6 42.Re7 Ra2+
43.Ke1 Rxh2 44.Rxe6+ Kg7 45.Rc6 g3 46.Rc7+ Kg8 47.Rc8+ Kf7 48.e6+ Kxe6 49.Rxc4 Rh1+
50.Ke2 g2 51.Rc6+ Ke7 52.Rg6 g1=Q 53.Rxg1 Rxg1 54.Nf2  0-1

[Event "Open"]
[Site "Cappelle la Grande FRA"]
[Date "2001.02.25"]
[Round "3"]
[White "Siebrecht,S"]
[Black "Lobzhanidze,D"]
[Result "1/2-1/2"]
[WhiteElo "2386"]
[BlackElo "2512"]

1.d4 d5 2.Nf3 Nf6 3.c4 e6 4.g3 Be7 5.Bg2 O-O 6.O-O dxc4 7.Qa4 a6 8.Qxc4 b5
9.Qc2 Bb7 10.Nc3 c5 11.dxc5 Bxc5 12.e4 b4 13.e5 bxc3 14.exf6 gxf6 15.Qxc3 Nd7
16.Bh6 Re8 17.Qb3 Bxf3 18.Qxf3 Ne5 19.Qe2 Rc8 20.Rad1 Qb6 21.Kh1 Red8 22.f4 Ng6
23.f5 exf5 24.Rxd8+ Rxd8 25.Rxf5 Bf8 26.Bxf8 Kxf8 27.Rd5 Rxd5 28.Bxd5 Qd4
29.Be4 a5 30.Kg2 Kg7 31.b3 Ne5 32.h3 h6 33.h4 Kf8 34.Bf5 Qd5+ 35.Be4 Qd4
36.Bf5  1/2-1/2

[Event "It Blind"]
[Site "Linares ESP"]
[Date "2001.02.27"]
[Round "5"]
[White "Devos,Pi"]
[Black "Zoltek,T"]
[Result "1-0"]
[WhiteElo "2218"]
[BlackElo "2304"]

1.d4 d5 2.c4 e6 3.Nf3 Nf6 4.g3 Be7 5.Bg2 O-O 6.O-O c6 7.Qb3 b6 8.Nc3 Ba6
9.cxd5 cxd5 10.Ne5 Bb7 11.Bf4 Nc6 12.Rfd1 Na5 13.Qa4 Rc8 14.Rac1 a6 15.Qc2 b5
16.Qd3 Nc4 17.Rc2 Qa5 18.b3 Nb2 19.Rxb2 Rxc3 20.Qd2 Rfc8 21.Nd3 b4 22.Qe1 Qb6
23.Bd2 Rxd3 24.exd3 Qxd4 25.Rbb1 Qb6 26.Be3 Qd8 27.Bd4 Nd7 28.Rbc1 Rb8 29.f4 Bf6
30.Qxb4 a5 31.Qc3 Rc8 32.Bxf6 Nxf6 33.Qd4 h5 34.Rc5 Nd7 35.Rc3 Rxc3 36.Qxc3 Qb6+
37.d4 g6 38.Rc1 Nf6 39.Qc5 Qa6 40.Bf1 Qa8 41.Qe7  1-0

[Event "Open"]
[Site "Cappelle la Grande FRA"]
[Date "2001.03.02"]
[Round "8"]
[White "Nielsen,PH"]
[Black "Yu Shaoteng"]
[Result "1-0"]
[WhiteElo "2585"]
[BlackElo "2493"]

1.d4 Nf6 2.c4 e6 3.g3 d5 4.Nf3 Be7 5.Bg2 O-O 6.O-O dxc4 7.Qc2 a6 8.Qxc4 b5
9.Qc2 Bb7 10.Bd2 Be4 11.Qc1 Nbd7 12.Ba5 Rc8 13.Nbd2 Ba8 14.Re1 Nb8 15.a3 Ne4
16.Nxe4 Bxe4 17.Qf4 f5 18.Bb4 Nc6 19.Bxe7 Qxe7 20.Rac1 Qd6 21.e3 h6 22.h4 Ne7
23.Qe5 Nc6 24.Qc5 Na5 25.Nd2 Bxg2 26.Kxg2 Nb7 27.Qc6 Na5 28.Qc3 Nb7 29.b4 Qd5+
30.Kg1 c6 31.e4 fxe4 32.Rxe4 Qf5 33.Qe3 Rf6 34.Re5 Qh3 35.Ne4 Rf7 36.Qb3 Rd7
37.Rxe6 Kh8 38.Re1 Rf8 39.Rxc6 Rxd4 40.Qc3 Rfd8 41.Rc7 R4d7 42.Nf6 Rxc7 43.Qxc7 Qc8
44.Qe7 Nd6 45.Rd1 Nb7 46.Rd7 Rxd7 47.Nxd7 Qd8 48.Qe6  1-0

[Event "Open"]
[Site "Kazimierz Dolny POL"]
[Date "2001.03.13"]
[Round "4"]
[White "Kalinin,O"]
[Black "Pyda,Z"]
[Result "1/2-1/2"]
[WhiteElo "2386"]
[BlackElo "2354"]

1.d4 d5 2.c4 e6 3.Nf3 Nf6 4.g3 Be7 5.Bg2 O-O 6.O-O Nbd7 7.Nc3 dxc4 8.e4 c5
9.e5 Nd5 10.Ne4 b5 11.dxc5 Nxc5 12.Nxc5 Bxc5 13.Ng5 h6 14.Ne4 Be7 15.Qh5 f5
16.Nc3 Kh7 17.Nxb5 Rb8 18.Nc3  1/2-1/2

[Event "Tch-AUT 2000-01"]
[Site "Fuerstenfeld AUT"]
[Date "2001.03.16"]
[Round "9"]
[White "Horvath,Jo"]
[Black "Wells,P"]
[Result "1/2-1/2"]
[WhiteElo "2551"]
[BlackElo "2522"]

1.c4 e6 2.d4 Nf6 3.Nf3 d5 4.g3 Be7 5.Bg2 O-O 6.Qc2 c5 7.dxc5 Qa5+ 8.Qc3 Qxc5
9.cxd5 Nxd5 10.Qxc5 Bxc5 11.Bd2 Nc6 12.Nc3 Nf6 13.Rc1 Bd7 14.O-O Rac8 15.Bf4 Be7
16.Rfd1 Rfd8 17.Ne5 Nxe5 18.Bxe5 b5 19.a3 a5 20.Bb7 Rc5 21.Bd4 Rc4 22.Ba6 Ra8
23.Bxf6 Bxf6 24.Rxd7 Rxa6 25.Rcd1 h6 26.Nxb5 Bxb2 27.R1d2 Rc1+ 28.Kg2 Rb1
29.a4 Bf6 30.Nd6 Rb4 31.Nxf7 Rxa4 32.Rc7 Ra8 33.e3 Rb4 34.Rdd7 a4 35.Ra7 Rbb8
36.Nd6 a3 37.Ne4 Bb2 38.Rdb7 Rc8 39.Nd6 Rd8 40.Nc4 a2 41.Nxb2 a1=Q 42.Rxg7+ Kh8
43.Rh7+  1/2-1/2

[Event "Open"]
[Site "Bad Woerishofen GER"]
[Date "2001.03.18"]
[Round "4"]
[White "Nenashev,A"]
[Black "Doettling,F"]
[Result "1-0"]
[WhiteElo "2649"]
[BlackElo "2509"]

1.d4 d5 2.c4 e6 3.Nf3 Nf6 4.g3 Be7 5.Bg2 O-O 6.O-O dxc4 7.Qc2 a6 8.Qxc4 b5
9.Qc2 Bb7 10.Bf4 Nc6 11.Nc3 Nb4 12.Qc1 Nbd5 13.Nxd5 Nxd5 14.Ne5 Nxf4 15.Qxf4 Bxg2
16.Kxg2 Qd5+ 17.e4 Qxd4 18.Nc6 Qd6 19.Rac1 e5 20.Qxe5 Qxe5 21.Nxe5 c5 22.Nc6 Rfe8
23.Nxe7+ Rxe7 24.Rxc5 Rxe4 25.Rfc1 g6 26.Kf3 Re6 27.Rc6 Rae8 28.b4 h5 29.h3 Kg7
30.g4 hxg4+ 31.hxg4 Kf6 32.R1c5 Kg7 33.Kg3 R8e7 34.f3 Kf6 35.g5+ Kg7 36.Kf4 Re8
37.Rc3 Kf8 38.Rc7 R8e7 39.Rc8+ Re8 40.Rxe8+ Kxe8 41.Re3 Kd7 42.Rxe6 Kxe6
43.Ke4 f6 44.f4 Kd6 45.Kd4 Ke6 46.Kc5 fxg5 47.fxg5 Kf5 48.Kb6 Kxg5 49.Kxa6 Kh4
50.Kxb5 g5 51.Ka6 g4 52.b5 g3 53.b6 g2 54.b7 g1=Q 55.b8=Q Qf1+ 56.Ka5 Qc1
57.Qd6 Kg5 58.Qe5+ Kg6 59.a4 Qd2+ 60.Ka6 Kf7 61.a5 Qd3+ 62.Kb7 Qb1+ 63.Kc8 Qa2
64.Qc7+ Kg8 65.Qg3+ Kf7 66.Qe5 Kg8 67.Kd8 Qd2+ 68.Ke8 Qh6 69.Qd5+ Kh8 70.Qd4+ Kh7
71.Qd3+ Kh8 72.Qc3+ Kg8 73.Qc4+ Kh8 74.Qc8 Qh5+ 75.Ke7+ Kh7 76.Qc2+ Kh8 77.Qc3+ Kg8
78.Qc4+ Kh8 79.Qd4+ Kg8 80.Qc4+ Kh8 81.a6 Qe5+ 82.Kd7 Qf5+ 83.Qe6 Qf7+ 84.Kd6 Qf8+
85.Kc6 Qa8+ 86.Kc5 Qa7+ 87.Kb5 Qb8+ 88.Kc6 Qa8+ 89.Kc5 Qa7+ 90.Qb6 Qe7+ 91.Qd6 Qa7+
92.Kb5 Qe3 93.Qd8+ Kh7 94.Qd7+ Kh8 95.a7 Qb3+ 96.Ka6 Qa3+ 97.Kb7 Qb4+ 98.Kc8 Qc5+
99.Kd8 Qb6+ 100.Qc7 Qf6+ 101.Qe7 Qb6+ 102.Ke8 Qb5+ 103.Kf7 Qh5+ 104.Ke6 Qe2+
105.Kd6 Qd3+ 106.Kc7 Qc4+ 107.Kd8 Qd5+ 108.Qd7 Qa5+ 109.Ke8 Qe5+ 110.Kf7 Qg7+
111.Ke6 Qg4+ 112.Kd6 Qd4+ 113.Ke7 Qg7+ 114.Kd8 Qf6+ 115.Kc7 Qe5+ 116.Qd6 Qa5+
117.Kb7 Qb5+ 118.Kc8 Qc4+ 119.Kd8 Qg8+  1-0

[Event "Rapidplay Match"]
[Site "Cannes FRA"]
[Date "2001.03.18"]
[Round "2"]
[White "Tkachiev,V"]
[Black "Adams,Mi"]
[Result "1-0"]
[WhiteElo "2672"]
[BlackElo "2746"]

1.d4 Nf6 2.c4 e6 3.g3 d5 4.Bg2 Be7 5.Nf3 O-O 6.O-O dxc4 7.Qc2 a6 8.a4 Bd7
9.Qxc4 Bc6 10.Bg5 Bd5 11.Qc2 Be4 12.Qc1 h6 13.Bf4 Nc6 14.Rd1 Bxf3 15.Bxf3 Nxd4
16.Kg2 c5 17.e3 Nb3 18.Rxd8 Nxc1 19.Rxa8 Rxa8 20.Bxb7 Ra7 21.Bc6 Nb3 22.Bb8 Rd7
23.Bxd7 Nxd7 24.Ra3 c4 25.Ba7 Ne5 26.Rxb3 cxb3 27.Nd2 Nd3 28.Bd4 Bf6 29.Bxf6 gxf6
30.Nxb3 Nxb2 31.a5 Nc4 32.Kf3 Nd6 33.Nc5 Nc4 34.Nb7 Kf8 35.Ke4 Ke7 36.Kd4 Ne5
37.Kc5 Nd3+ 38.Kb6 Nxf2 39.Kxa6 Nd1 40.e4 Nc3 41.Nc5 Kd6 42.Kb6 f5 43.a6 fxe4
44.Nxe4+ Nxe4 45.a7  1-0

[Event "Amber Rapidplay"]
[Site "Monaco MNC"]
[Date "2001.03.19"]
[Round "3"]
[White "Karpov,An"]
[Black "Gelfand,B"]
[Result "1/2-1/2"]
[WhiteElo "2679"]
[BlackElo "2712"]

1.d4 Nf6 2.Nf3 d5 3.c4 e6 4.g3 Be7 5.Bg2 O-O 6.O-O dxc4 7.Qc2 a6 8.a4 Bd7
9.Qxc4 Bc6 10.Bg5 Bd5 11.Qd3 c5 12.dxc5 Nbd7 13.Nc3 Nxc5 14.Qe3 Qa5 15.Bxf6 Bxf6
16.Nxd5 exd5 17.Qa3 Ne4 18.Rad1 Rfd8 19.e3 Rac8 20.Nd4 Rc4 21.b3 Rcc8 22.b4 Qb6
23.a5 Qd6 24.Rc1 g6 25.Qb2 Qd7 26.b5 Bxd4 27.Qxd4 Qxb5 28.Bxe4 dxe4  1/2-1/2

[Event "TCh-ROM"]
[Site "Sovata ROM"]
[Date "2001.03.22"]
[Round "2"]
[White "Dragomirescu,A"]
[Black "Olarasu,G"]
[Result "1/2-1/2"]
[WhiteElo "2315"]
[BlackElo "2347"]

1.d4 Nf6 2.Nf3 e6 3.c4 d5 4.g3 Be7 5.Bg2 O-O 6.O-O dxc4 7.Qc2 a6 8.Qxc4 b5
9.Qc2 Bb7 10.Bf4 Nd5 11.Rd1 Nd7 12.Nc3 Nxf4 13.gxf4 Nf6 14.Ne5 Bxg2 15.Kxg2 Bd6
16.Ne4 Nd5 17.e3 Qh4 18.Qe2 f6 19.Nd3 Kh8 20.Kh1 g5 21.Rg1 gxf4 22.Nxd6 cxd6
23.e4 Ne7 24.Rg4 Qh6 25.Rxf4 Ng6 26.Rf3 f5 27.exf5 exf5 28.Re1 f4 29.Qe6 Rae8
30.Qxe8 Rxe8 31.Rxe8+ Kg7 32.Ne1 Qg5 33.Rd3 Qd5+ 34.Kg1 Qxa2 35.Rd2 Qb1 36.f3 Qc1
37.Ree2 Kf6 38.Rc2 Qd1 39.Rcd2 Qb1 40.Kf2 Ne7 41.d5 Nf5 42.Re4 Kg5 43.Ng2 Qh1
44.Rxf4 Qxh2 45.Rg4+ Kf6 46.Re2 Qh5 47.Re6+ Kf7 48.Re1  1/2-1/2

[Event "56th ch-YUG"]
[Site "Herceg Novi YUG"]
[Date "2001.03.23"]
[Round "1"]
[White "Tadic,B"]
[Black "Antic,D"]
[Result "1-0"]
[WhiteElo "2407"]
[BlackElo "2481"]

1.Nf3 Nf6 2.c4 e6 3.g3 d5 4.d4 Be7 5.Bg2 O-O 6.O-O Nbd7 7.Qc2 c6 8.Rd1 b6
9.b3 Bb7 10.Nc3 Qc8 11.Bf4 Ba6 12.Ne5 Nxe5 13.dxe5 Nd7 14.Qd2 b5 15.cxb5 cxb5
16.e4 Nb6 17.Rac1 Qe8 18.exd5 b4 19.d6 bxc3 20.Qxc3 Nd5 21.Bxd5 exd5 22.dxe7 Qxe7
23.Qc5 Qe6 24.Qxd5 Qf5 25.Qd7 Qe4 26.Re1 Qf3 27.Qd1 Qxd1 28.Rexd1 Bc8 29.b4 Be6
30.a3 h6 31.Be3 Rfb8 32.Rc5 a6 33.f3 Rd8 34.Rd6 g5 35.Rcc6 Rdc8 36.Rxc8+ Rxc8
37.Bc5 Ra8 38.Kf2 Kh7 39.Ke3 Bc4 40.Kd4 Be2 41.Ke3 Bc4 42.f4 gxf4+ 43.gxf4 a5
44.Kd4 Bf1 45.Rd7 axb4 46.axb4 Kg8 47.Ra7 Rc8 48.f5 Rd8+ 49.Bd6 f6 50.Rb7 fxe5+
51.Kxe5 Re8+ 52.Kf6 Re2 53.Kg6  1-0

[Event "Open"]
[Site "Bled SLO"]
[Date "2001.03.26"]
[Round "3"]
[White "Djurkovic,M"]
[Black "Mlacnik,F"]
[Result "1/2-1/2"]
[WhiteElo "2140"]
[BlackElo "2137"]

1.d4 Nf6 2.Nf3 e6 3.g3 d5 4.Bg2 Be7 5.c4 c6 6.O-O O-O 7.Nc3 b6 8.Ne5 Bb7
9.e4 Nbd7 10.Nxc6 Bxc6 11.exd5 exd5 12.cxd5 Nxd5 13.Nxd5 Bxd5 14.Bxd5 Rc8
15.Qa4 Nc5 16.dxc5 Qxd5 17.cxb6 axb6 18.Be3 b5 19.Rfd1 bxa4 20.Rxd5 Bf6 21.Bd4 Rc2
22.Bxf6 gxf6 23.Ra5 Rb8 24.Rxa4 Rbxb2 25.Rg4+ Kf8 26.a4 Rxf2 27.Rh4 Kg7 28.a5 f5
29.Re1 Ra2 30.a6 Rg2+ 31.Kh1 Rgf2 32.Kg1  1/2-1/2

[Event "Wotulo Mem"]
[Site "Jakarta INA"]
[Date "2001.03.26"]
[Round "5"]
[White "Hulak,K"]
[Black "Liu Dede"]
[Result "1-0"]
[WhiteElo "2546"]
[BlackElo "2378"]

1.d4 Nf6 2.c4 e6 3.g3 d5 4.Bg2 Be7 5.Nf3 O-O 6.O-O b6 7.Ne5 c6 8.Nc3 Nfd7
9.cxd5 exd5 10.Nxd5 cxd5 11.Bxd5 Nxe5 12.dxe5 Bh3 13.Bxa8 Bxf1 14.Qxf1 Nd7
15.Bd5 Nxe5 16.e4 Bc5 17.Qe2 Qf6 18.Kg2 Rc8 19.Bd2 Bd4 20.Rc1 Rxc1 21.Bxc1 g5
22.h3 h5 23.b4 Kg7 24.Bd2 Kg8 25.Bb3 g4 26.Bf4 Nf3 27.Qc4 Qg6 28.Qc8+ Kg7
29.Bd5 Be5 30.Be3 Bd4 31.hxg4 hxg4 32.Bxd4+ Nxd4 33.Qc3 Qf6 34.Qe3 Nf3 35.Qf4 Ne5
36.Qxf6+ Kxf6 37.Kf1 Nf3 38.Ke2 Ng5 39.Ke3 Ke5 40.Bb7 f6 41.b5 Nf7 42.Bc8 Nd6
43.Bxg4 Nxb5 44.f4+ Kd6 45.Bd1 Nc3 46.Bb3 b5 47.Kd3 b4 48.g4 a5 49.a4 Kd7
50.g5 Ke7 51.Ke3 Nb1 52.e5  1-0

[Event "TCh-CHN Men"]
[Site "Suzhou, Jiangsu CHN"]
[Date "2001.03.28"]
[Round "3"]
[White "Li Wenjun"]
[Black "Xiao Yue"]
[Result "1-0"]
[WhiteElo "2296"]
[BlackElo "2266"]

1.Nf3 d5 2.c4 e6 3.d4 Nf6 4.g3 Be7 5.Bg2 O-O 6.O-O Nbd7 7.Qc2 c5 8.cxd5 exd5
9.Nc3 cxd4 10.Nxd4 Nb6 11.Bf4 Nh5 12.Be3 Be6 13.Nxe6 fxe6 14.Rad1 Rc8 15.Qb3 Nf6
16.Nb5 Nc4 17.Nxa7 Rb8 18.Nb5 Qd7 19.Bf4 Rbc8 20.Bh3 Bc5 21.Nc3 Qc6 22.Qb5 Ba7
23.Qxc6 Rxc6 24.Nb5 Bc5 25.b3 e5 26.bxc4 exf4 27.cxd5 Rb6 28.Nc3 fxg3 29.hxg3 Bd6
30.Rb1 Bc7 31.Be6+ Kh8 32.Rxb6 Bxb6 33.e3 Bc5 34.Rb1 b6 35.Na4 Ne4 36.Rb2 g5
37.Nxc5 bxc5 38.Rc2 h5 39.d6 Nxd6 40.Rxc5 Ne4 41.Rc8 Rxc8 42.Bxc8 Kg7 43.a4 Nc3
44.a5 Nb5 45.Bd7 Na7 46.Be8 h4 47.gxh4  1-0

[Event "Open"]
[Site "Bled SLO"]
[Date "2001.03.31"]
[Round "8"]
[White "Woolley,J"]
[Black "Illijin,N"]
[Result "0-1"]
[WhiteElo "2047"]
[BlackElo "2272"]

1.d4 Nf6 2.c4 e6 3.Nf3 d5 4.g3 Be7 5.Bg2 O-O 6.O-O c6 7.b3 Nbd7 8.Bb2 b6
9.Nc3 Ba6 10.Nd2 Rc8 11.e4 dxe4 12.Ndxe4 b5 13.cxb5 cxb5 14.a4 b4 15.Nb5 Qb6
16.Qe2 Nxe4 17.Bxe4 Nf6 18.Bg2 Rfd8 19.Rac1 Nd5 20.Rc4 Bxb5 21.axb5 Qxb5
22.Qc2 Nb6 23.Bc6 Qh5 24.Be4 Nxc4 25.bxc4 Bf6 26.Rd1 Rxc4 27.Bxh7+ Kh8  0-1